Biblioteca

Rekindling vision in an established church (Registro nro. 69399)

Detalles MARC
000 -LÍDER
Campo fijo de descripción fija 01228nab a2200205 i 4500
001 - NÚMERO DE CONTROL
Campo de control 768714001
003 - IDENTIFICADOR DEL NÚMERO DE CONTROL
Campo de control CO-MdFUSB
005 - FECHA Y HORA DE LA ULTIMA TRANSACCIÓN
control field 20240426084050.0
008 - ELEMENTOS DE LONGITUD FIJA -- INFORMACIÓN GENERAL
Campo fijo de descripción fija -- Información general 240426t1984 us ||||| |||| 00| 0 eng d
040 ## - FUENTE DE CATALOGACIÓN
Idioma de catalogación spa
Agencia que realiza la transcripción CO-MdFUSB
Agencia que realiza la modificación CO-MdFUSB
041 ## - CÓDIGO DE IDIOMA
Código de idioma para texto/pista de sonido o título separado eng
100 ## - ASIENTO PRINCIPAL--NOMBRE PERSONAL
Nombre personal Sawyer, Dennis,
Término relacionador autor
245 ## - TÍTULO
Título Rekindling vision in an established church
Mención de responsabilidad / Dennis Sawyer
300 ## - DESCRIPCIÓN FÍSICA
Extensión Volumen 5, número 1 (winter, 1984), páginas: 56 - 61
Dimensiones ; 27 cm
520 ## - NOTA DE RESUMEN, ETC.
Nota de sumario, etc. En este artículo se reflexiona sobre lo que el profeta Joel dijo que los ancianos tendrían sueños. Además, hace este cuestionamiento ¿Qué pasa con las congregaciones antiguas?. Y concluye con lo siguiente: "Reavivar la visión en una iglesia establecida no es sólo una cuestión de seguir una receta. Es un desarrollo de relaciones entre el pueblo y Dios, entre el pastor y el pueblo, entre un cristiano y otro, y entre la iglesia y el mundo que espera ser la fuerza que Dios imagina para hacer su obra".<br/>
546 ## - NOTA DE IDIOMA
Nota de idioma Texto en inglés.
650 #7 - ASIENTO SECUNDARIO DE MATERIA - TERMINO TEMÁTICO
Término temático o nombre geográfico como elemento de entrada Teología pastoral y unidad cristiana
9 (RLIN) 7183
773 0# - ASIENTO DE ITEM FUENTE
Biblionumber 68780
Itemnumber 82551
Otro identificador del ítem R2485
Título Leadership :
Número de control del registro (CO-MdFUSB)768714001
Parte(s) relacionada(s) / Volumen., número. (mes año), páginas Volumen 5, número 1 (winter, 1984), páginas: 56 - 61
Enumeración y primera página página: 56
942 ## - TIPO DE MATERIAL (KOHA)
Tipo de Item KOHA Artículos de Revista

No hay ítems disponibles.

Biblioteca FUSBC | Teléfono: (57+4) 349 88 10 Ext. 141| WhatsApp (+57) 3005338115 
E-mail: biblioteca@unisbc.edu.co | Calle 76 87-14 Robledo Palenque, Medellín, Colombia

Con tecnología Koha